000 01479nam a2200241Ia 4500
999 _c30246
_d30246
003 CO-CtgCURN
005 20250409210222.0
008 190725s9999 xx 000 0 und d
020 _a9588087570
040 _aCO-CtgCURN
_bspa
_ccoctgcurn
082 _a331.2164
_bL864
100 _aLópez Guzmán, Fabian
_98496
_eautor
245 0 _aEl derecho de empresa :
_bla participación de los trabajadores /
_cFabian López Guzmán
260 _aBogotá, Colombia :
_bGrupo Editorial Ibáñez,
_c2001
300 _a141 páginas ;
_c20 centímetros
505 _aConsideraciones previas -- ¿Qué es la cogestión? -- Panorama histórico general? -- Teorías sobre la congestión -- La congestión en Colombia -- Alcance de la norma constitucional -- Jurisprudencia de la Corte Constitucional sobre el articulo 57 de la Constitución -- Jurisprudencia C-745 de 1998 de la Corte Constitucional sobre el articulo 57 de la Constitución -- Propuesta acerca de la reglamentación del articulo 57 de la Constitución -- Participación en algunos países del mundo -- La empresa como factor de producción al interior del sistema capitalista -- El derecho de empresa
521 _aAREA SOCIOHUMANISTICA
590 _aTodos los programas acádemicos
650 _aGestión empresarial
_98497
650 _aParticipación en la administración de empresas
_98498
942 _cBK
_h331.2164
_iL864
_2ddc